Utilizacion de etanol anhidro como disolvente sustituto en la industria de pinturas

Gespeichert in:
Bibliographische Detailangaben
1. Verfasser: Gadea Rivas, Gloria
Format: Abschlussarbeit Buch
Sprache:Undetermined
Veröffentlicht: 1984
Schlagworte:
> > > > ETANOL ANHIDRO
Tags: Tag hinzufügen
Keine Tags, Fügen Sie den ersten Tag hinzu!

MARC

LEADER 00000nam a2200000Ia 4500
001 2520
008 140114s9999 xx 000 0 und d
100 |a Gadea Rivas, Gloria 
245 |a Utilizacion de etanol anhidro como disolvente sustituto en la industria de pinturas 
260 |c 1984 
500 |a NULL 
502 |a Escuela de ingenieria Quimica 
650 |z ETANOL ANHIDRO 
999 |c 11593  |d 11593